Normal view
MARC view
Entry Personal Name
001 - CONTROL NUMBER
- control field: 20036
003 - CONTROL NUMBER IDENTIFIER
- control field: ARRUPE
005 - DATE AND TIME OF LATEST TRANSACTION
- control field: 20151006082402.0
008 - FIXED-LENGTH DATA ELEMENTS
- fixed length control field: 151006|| aca||aabn | a|a d
040 ## - CATALOGING SOURCE
- Original cataloging agency: ARRUPE
- Transcribing agency: ARRUPE
100 ## - HEADING--PERSONAL NAME
- Personal name: Kusch, Martin.
670 ## - SOURCE DATA FOUND
- Source citation: Work cat.: (ARRUPE)0: Kusch, Martin., Knowledge by agreement :, 2002.